00438nam a2200145Ia 4500008004100000020001500041041001200056082001600068100001800084245011200102260003800214300000900252650001200261700001900273221030s9999 xx 000 0 und d a818501583X aEnglish a105.23bFey aR .P. Feynman 4aThe Feynman Lectures on Physics Vol. 2 - Mainly Electromagnetism & Mattercby R .P. Feynman, R. B. Leighton bNarosa Pub HouseaNew Delhic2001 a1396 aPhysics aR. B. Leighton